| 000 | 00544nam a22001697a 4500 | ||
|---|---|---|---|
| 003 | macl | ||
| 005 | 20160526170023.0 | ||
| 008 | 160526b xxu||||| |||| 00| 0 eng d | ||
| 040 | _cmacl | ||
| 041 | _aHindi | ||
| 082 | _a891.433 | ||
| 100 |
_aदेवी, आशापूर्णा _959953 |
||
| 245 |
_aसुवर्णलता _cआशापूर्णा देवी |
||
| 260 |
_aनई दिल्ली _bभारतीय ज्ञानपीठ प्रकाशन |
||
| 650 |
_aNovel _959955 |
||
| 942 |
_2ddc _cHIN |
||
| 999 |
_c54115 _d54115 |
||